01406nac a22003131i 4500003000900000005001700009008004100026020001500067020001800082040004300100082002000143245017700163250002900340264005200369300004600421336002600467337002800493338002700521500013400548504005100682650003400733655001700767700004000784700003200824711007800856942001200934999001500946952013100961EG-ScBUE20260315094219.0260214s1992 enka f b 001 0 eng d a0521366720 a9780521366724 aEG-ScBUEbengerdacEG-ScBUEdEG-ScBUE04a567.91bDIN22200aDinosaur systematics :bapproaches and perspectives /cedited by Kenneth Carpenter, Denver Museum of Natural History, and Philip J. Currie, Tyrrell Museum of Palaeontology. aFirst paperback edition. 1aCambridge :bCambridge University Press,c1992. axiii, 318 pages :billustrations ;c26 cm 2rdacontentatextbtxt aunmediated2rdamediabn avolumebnc2rdacarrier aPapers from the Dinosaur Systematics Symposium, held June 3-5, 1986, at the Tyrrell Museum of Palaeontology, Drumheller, Alberta. aIncludes bibliographical references and index. 7aDinosaursxCongresses.2BUEsh vReading book1 aCarpenter, Kenneth,d1949-eeditor.1 aCurrie, Philip J.,eeditor.2 aDinosaur Systematics Symposiumd(1986 :cTyrrell Museum of Palaeontology) cBB2ddc c6144d6144 00102ddc40708AlahramaMAINbMAINc1STd2014-11-07ePurchasel0o567.91 DINp000007646r2025-07-15 00:00:00w2007-11-14yBB